[Event "ITA-ch U16"]
[Site "Salsomaggiore Terme"]
[Date "2019.07.07"]
[Round "1"]
[White "Lumachi, Gabriele"]
[Black "Rusanov, Ernest"]
[Result "1-0"]
[WhiteElo "2293"]
[BlackElo "1480"]
[PlyCount "51"]
[EventDate "2019.07.07"]
[EventType "swiss"]
[EventRounds "9"]
[EventCountry "ITA"]
[SourceTitle "EXT 2020"]
[Source "ChessBase"]
[SourceDate "2019.10.17"]
[SourceVersion "1"]
[SourceVersionDate "2019.10.17"]
[SourceQuality "1"]

1. Nf3 d5 2. d4 Nf6 3. c3 e6 4. Bf4 Bd6 5. Bg3 0-0 6. Nbd2 b6 7. e3 Bb7 8. Ne5 Nbd7 9. Bd3 Qe7 10. 0-0 c5 11. f4 Ne4 12. Nxe4 dxe4 13. Bb5 Bxe5 14. fxe5 Rad8 15. Qh5 f6 16. Bh4 cxd4 17. cxd4 Bd5 18. Rac1 a6 19. Bxa6 Qf7 20. Qe2 Qg6 21. Bc4 Qh6 22. Bxd5 exd5 23. e6 Qxh4 24. e7 g5 25. Qb5 Qh6 26. Qxd5+ 1-0